000
00384nam a2200145Ia 4500
008
090124s9999 xx 000 0 und d
082
_b
2712
245
_a
जीवनाची वाटचाल
250
_a
200
260
_c
1973
300
_a
88
630
_a
जीवनाची वाटचाल
730
_a
जीवनाची वाटचाल
942
_c
BOOK
999
_c
82571
_d
82571